书目信息 |
| 题名: |
中国古代生物学
|
|
| 作者: | 汪子春 , 程宝绰 著 | |
| 分册: | ||
| 出版信息: | 北京 商务印书馆 1997.12 |
|
| 页数: | 208页 | |
| 开本: | 32开 | |
| 丛书名: | ||
| 单 册: | ||
| 中图分类: | Q-092 | |
| 科图分类: | ||
| 主题词: | 生物学--理论 , 生物学--方法 | |
| 电子资源: | ||
| ISBN: | 7-100-02196-0 | |
| 000 | 00620nam0 2200217 45 | |
| 001 | 0009182098 | |
| 005 | 20000918203700.8 | |
| 010 | @a7-100-02196-0@d10.80元 | |
| 100 | @a20000918d1997 km y0chiy0120 ea | |
| 101 | 0 | @achi |
| 105 | @a z 000yy | |
| 200 | 1 | @a中国古代生物学@AZhong Guo Gu Dai Sheng Wu Xue@f汪子春,程宝绰著@FWang Zi Chun,Cheng Bao Chuo Zhu |
| 210 | @a北京@c商务印书馆@d1997.12 | |
| 215 | @a208页@d32开 | |
| 606 | 0 | @a生物学@x理论 |
| 606 | 0 | @a生物学@x方法 |
| 690 | @aQ-092@v3 | |
| 701 | 0 | @a汪子春@4著 |
| 701 | 0 | @a程宝绰@4著 |
| 801 | @aCN@bPftUser@c20000918 | |
| 905 | @b148012-016@dQ-092@eW128@f5 | |
| 中国古代生物学/汪子春,程宝绰著.-北京:商务印书馆,1997.12 |
| 208页;32开 |
| ISBN 7-100-02196-0:10.80元 |
| ● |
| 相关链接 |
|
|
|
正题名:中国古代生物学
索取号:Q-092/W128
 
预约/预借
| 序号 | 登录号 | 条形码 | 馆藏地/架位号 | 状态 | 备注 |
| 1 | 148012 | 201480129 | 自科库401/401自科库 24排3列4层/ [索取号:Q-092/W128] | 在馆 | |
| 2 | 148013 | 201480138 | 自科二线504/504自科库 44排6列1层/ [索取号:Q-092/W128] | 在馆 | |
| 3 | 148014 | 201480147 | 自科库401/401自科库 24排3列4层/ [索取号:Q-092/W128] | 在馆 | |
| 4 | 148015 | 201480156 | 自科二线504/110考试书库 3排1列4层/ [索取号:Q-092/W128] | 在馆 | |
| 5 | 148016 | 201480165 | 自科库401/401自科库 24排3列4层/ [索取号:Q-092/W128] | 在馆 |